[Event "16. Obert Internacional Sant Martí 2014"]
[Site "Barcelona ESP"]
[Date "2014.07.14"]
[Round "2.17"]
[White "Dukaczewski, Piotr"]
[Black "Asis Gargatagli, Hipolito"]
[Result "0-1"]
[WhiteElo "2303"]
[BlackElo "2460"]
[PlyCount "80"]
[EventDate "2014.07.13"]
[EventType "swiss"]
[EventRounds "9"]
[EventCountry "ESP"]
[Source "lmi"]
[SourceDate "2014.07.13"]

1. e4 c5 2. Nf3 e6 3. d4 cxd4 4. Nxd4 Nf6 5. Nc3 d6 6. Be2 Be7 7. O-O O-O 8.
Kh1 Nc6 9. Nb3 a6 10. a4 b6 11. f4 Bb7 12. Be3 Qc7 13. Bf3 Na5 14. Nxa5 bxa5
15. Qe1 Nd7 16. Rd1 Nb6 17. Rd3 Bf6 18. b3 Rac8 19. Bd2 Nd7 20. Bd1 g6 21. Re3
Bd4 22. Rh3 Nc5 23. f5 Qe7 24. Bh6 Rfe8 25. fxg6 fxg6 26. Qe2 Nd7 27. Qd2 Bxc3
28. Rxc3 Rxc3 29. Qxc3 Ne5 30. Be2 Bxe4 31. Bxa6 Qh4 32. Bf4 Qg4 33. Bg3 h5 34.
Qd2 h4 35. Qxd6 h3 36. Qxe5 hxg2+ 37. Kg1 gxf1=Q+ 38. Bxf1 Qf3 39. Bh3 Qh1+ 40.
Kf2 Rf8+ 0-1

[Event "16. Obert Internacional Sant Martí 2014"]
[Site "Barcelona ESP"]
[Date "2014.07.14"]
[Round "2.18"]
[White "Munoz Pantoja, Miguel"]
[Black "Piasetski, Leon"]
[Result "0-1"]
[WhiteElo "2457"]
[BlackElo "2297"]
[PlyCount "102"]
[EventDate "2014.07.13"]
[EventType "swiss"]
[EventRounds "9"]
[EventCountry "ESP"]
[Source "lmi"]
[SourceDate "2014.07.13"]

1. e4 c5 2. Nf3 e6 3. c4 Nc6 4. d4 cxd4 5. Nxd4 Nf6 6. Nc3 Bb4 7. Nxc6 bxc6 8.
Bd3 e5 9. Be3 O-O 10. O-O Bxc3 11. bxc3 d6 12. h3 Nd7 13. Be2 Nc5 14. f3 Be6
15. Qd2 Qc7 16. Rfd1 Rfd8 17. Qb2 Nd7 18. Qa3 c5 19. Qa6 Nb6 20. f4 f6 21. f5
Bc8 22. Qa3 Bb7 23. Bd3 Qf7 24. Rab1 Bc6 25. Qa6 Rab8 26. Rd2 Qb7 27. Qxb7 Rxb7
28. Kh2 Kf8 29. Rg1 Ke7 30. g4 h6 31. h4 Rh8 32. Kg3 Be8 33. Be2 Bf7 34. Rgd1
Bxc4 35. Bf3 Rd7 36. g5 hxg5 37. hxg5 Ba6 38. Rg2 Nc4 39. Bc1 Nb6 40. Kf2 Bc4
41. a3 Bf7 42. Rdg1 Nc4 43. Be2 Na5 44. Be3 Rb7 45. Bc1 Rb1 46. Rd1 Nb3 47. Be3
Rb2 48. Kg1 Rh3 49. Bf2 Rxe2 50. Bxc5 Nxc5 51. Rxe2 Bh5 0-1

[Event "16. Obert Internacional Sant Martí 2014"]
[Site "Barcelona ESP"]
[Date "2014.07.14"]
[Round "2.19"]
[White "Oms Fuentes, Lluis"]
[Black "Saptarshi, Roy"]
[Result "0-1"]
[WhiteElo "2293"]
[BlackElo "2449"]
[PlyCount "134"]
[EventDate "2014.07.13"]
[EventType "swiss"]
[EventRounds "9"]
[EventCountry "ESP"]
[Source "lmi"]
[SourceDate "2014.07.13"]

1. e4 e5 2. Nc3 Nf6 3. Bc4 Nc6 4. d3 Bb4 5. Nge2 d5 6. exd5 Nxd5 7. O-O Nb6 8.
Bb3 O-O 9. Ng3 Nd4 10. f4 Nxb3 11. axb3 exf4 12. Bxf4 Be6 13. Kh1 Qd7 14. Nce4
Bg4 15. Qc1 Nd5 16. c3 Be7 17. d4 b6 18. Nf2 Be6 19. Bd2 Nf6 20. Qc2 Qd5 21. b4
Nh5 22. Nfe4 Nxg3+ 23. Nxg3 f5 24. Rae1 Qd7 25. Bf4 Bh4 26. Qd2 Bc4 27. Rf3 Bd5
28. Rfe3 Be4 29. R3e2 h6 30. Rf1 Bd5 31. Re5 g5 32. Rxd5 Qxd5 33. Be5 Rae8 34.
Qe2 Bxg3 35. hxg3 Rf7 36. b5 Re6 37. Qc2 Rxe5 38. dxe5 Qxe5 39. Qd3 Kg7 40. Rf3
Qd6 41. Qc2 Qe5 42. Qd3 f4 43. gxf4 gxf4 44. b4 Re7 45. Qc4 Rf7 46. Qd3 Rf5 47.
Qd7+ Kg6 48. Qc6+ Qd6 49. Qe4 Qd5 50. Rxf4 Qxe4 51. Rxe4 Rxb5 52. Re6+ Kg5 53.
Rc6 a5 54. bxa5 Rxa5 55. Rxc7 Rc5 56. Rb7 b5 57. Rd7 Kf4 58. Rd3 Ke4 59. Rh3 h5
60. Kg1 Rf5 61. Rh4+ Kd3 62. Rh3+ Kd2 63. Kh2 Rc5 64. Kg1 Rxc3 65. Rxh5 b4 66.
Rb5 b3 67. g4 Kc2 0-1

[Event "16. Obert Internacional Sant Martí 2014"]
[Site "Barcelona ESP"]
[Date "2014.07.14"]
[Round "2.20"]
[White "Panelo, Marcelo"]
[Black "Ryan, Joseph"]
[Result "1-0"]
[WhiteElo "2448"]
[BlackElo "2285"]
[PlyCount "133"]
[EventDate "2014.07.13"]
[EventType "swiss"]
[EventRounds "9"]
[EventCountry "ESP"]
[Source "lmi"]
[SourceDate "2014.07.13"]

1. d4 g6 2. c4 Bg7 3. Nf3 d6 4. Nc3 e5 5. dxe5 dxe5 6. Qxd8+ Kxd8 7. Bg5+ f6 8.
O-O-O+ Ke8 9. Nb5 Na6 10. Bd2 Nh6 11. h3 Nf7 12. g4 c6 13. Nc3 Be6 14. b3 Nc5
15. Bg2 a5 16. Be3 Bf8 17. Nd2 Nd7 18. Nde4 Be7 19. Na4 h5 20. Bf3 hxg4 21.
hxg4 Rxh1 22. Rxh1 Kf8 23. Nec5 Nxc5 24. Nxc5 Bc8 25. Rd1 Ke8 26. Kb2 f5 27.
gxf5 gxf5 28. Na4 Be6 29. Rg1 Kf8 30. Rg6 Bc8 31. Nb6 Rb8 32. Bh5 f4 33. Nxc8
Rxc8 34. Bb6 Bd8 35. Bc5+ Be7 36. Bxe7+ Kxe7 37. Rg7 Rf8 38. Ka3 b5 39. f3 e4
40. fxe4 Kf6 41. Rg6+ Ke5 42. Rxc6 bxc4 43. Rxc4 Nd6 44. Rc5+ Kxe4 45. Rxa5 Rb8
46. Bf3+ Ke3 47. Re5+ Kf2 48. Rd5 Nb5+ 49. Kb2 Nc7 50. Rd6 Nb5 51. Rd7 Rc8 52.
Rd3 Re8 53. Rd5 Nc7 54. Rc5 Na6 55. Rc4 Kg3 56. b4 Nb8 57. Rc7 Re3 58. b5 Kf2
59. a4 Re8 60. Kb3 Rd8 61. a5 Nd7 62. Rxd7 Rxd7 63. b6 Rd1 64. b7 Rb1+ 65. Kc2
Rb5 66. a6 Ke3 67. a7 1-0

[Event "16. Obert Internacional Sant Martí 2014"]
[Site "Barcelona ESP"]
[Date "2014.07.14"]
[Round "2.21"]
[White "Larsson, Anders"]
[Black "Hansen, Torbjorn Ringdal"]
[Result "1-0"]
[WhiteElo "2270"]
[BlackElo "2448"]
[PlyCount "77"]
[EventDate "2014.07.13"]
[EventType "swiss"]
[EventRounds "9"]
[EventCountry "ESP"]
[Source "lmi"]
[SourceDate "2014.07.13"]

1. e4 c5 2. Nf3 d6 3. Bc4 Nc6 4. O-O Nf6 5. Re1 g6 6. Bb3 Bg7 7. c3 Bg4 8. h3
Bxf3 9. Qxf3 O-O 10. d3 b5 11. a3 c4 12. dxc4 Na5 13. Ba2 bxc4 14. Nd2 Qc7 15.
Qe2 Rac8 16. e5 dxe5 17. Qxe5 e6 18. Qxc7 Rxc7 19. Nf3 Nd5 20. Nd4 Rb8 21. Nc2
Nb3 22. Bxb3 Rxb3 23. Nb4 Ne7 24. Rd1 h6 25. Rd8+ Kh7 26. Kf1 a5 27. Nc2 Nd5
28. g3 Rcb7 29. a4 g5 30. Ra3 Bxc3 31. Rc8 Bxb2 32. Bxb2 Rxb2 33. Rxc4 Rb1+ 34.
Ke2 R7b2 35. Kf3 Kg7 36. Ne3 Rh1 37. Kg2 Ra1 38. Rd3 Rd2 39. Rxd2 1-0

[Event "16. Obert Internacional Sant Martí 2014"]
[Site "Barcelona ESP"]
[Date "2014.07.14"]
[Round "2.22"]
[White "Gomez Ledo, Roberto Carlos"]
[Black "Persson, Andreas"]
[Result "0-1"]
[WhiteElo "2429"]
[BlackElo "2249"]
[PlyCount "42"]
[EventDate "2014.07.13"]
[EventType "swiss"]
[EventRounds "9"]
[EventCountry "ESP"]
[Source "lmi"]
[SourceDate "2014.07.13"]

1. d4 Nf6 2. c4 c5 3. d5 b5 4. cxb5 a6 5. e3 Bb7 6. Nc3 axb5 7. Bxb5 Qa5 8. Bd2
Qb6 9. Bc4 e6 10. Qb3 Qxb3 11. Bxb3 exd5 12. Nge2 Na6 13. O-O Nc7 14. Rfd1 Bd6
15. Be1 O-O 16. f3 Rfe8 17. Bf2 Be5 18. Rd2 Reb8 19. Bg3 Bxg3 20. hxg3 Bc6 21.
Nf4 Rxb3 0-1

[Event "16. Obert Internacional Sant Martí 2014"]
[Site "Barcelona ESP"]
[Date "2014.07.14"]
[Round "2.23"]
[White "Porras Mateo, Felipe"]
[Black "Perez Mitjans, Orelvis"]
[Result "0-1"]
[WhiteElo "2243"]
[BlackElo "2414"]
[PlyCount "50"]
[EventDate "2014.07.13"]
[EventType "swiss"]
[EventRounds "9"]
[EventCountry "ESP"]
[Source "lmi"]
[SourceDate "2014.07.13"]

1. d4 d5 2. c4 Nc6 3. e3 e5 4. dxe5 d4 5. a3 Nge7 6. Nf3 Nf5 7. e4 Nh4 8. Bf4
Nxf3+ 9. gxf3 Qe7 10. Be2 g5 11. Bg3 Bg7 12. h4 Bxe5 13. hxg5 Bxg3 14. fxg3
Qxg5 15. g4 Qf4 16. Rh3 Qe3 17. Qd2 Qg1+ 18. Bf1 Ne5 19. Qg5 Nd3+ 20. Ke2 Qf2+
21. Kxd3 Qxf1+ 22. Kc2 Be6 23. Qf6 Rg8 24. Rxh7 d3+ 25. Kb3 Qd1+ 0-1

[Event "16. Obert Internacional Sant Martí 2014"]
[Site "Barcelona ESP"]
[Date "2014.07.14"]
[Round "2.24"]
[White "Cori T., Deysi"]
[Black "Amigo Vilalta, Jordi"]
[Result "1-0"]
[WhiteElo "2414"]
[BlackElo "2231"]
[PlyCount "63"]
[EventDate "2014.07.13"]
[EventType "swiss"]
[EventRounds "9"]
[EventCountry "ESP"]
[Source "lmi"]
[SourceDate "2014.07.13"]

1. d4 d5 2. Nf3 Nf6 3. c4 c6 4. Qc2 dxc4 5. Qxc4 b5 6. Qc2 Bb7 7. e4 e6 8. Be3
Nbd7 9. Nbd2 Rc8 10. Qb1 Qa5 11. a3 c5 12. dxc5 Bxe4 13. Qd1 Bxf3 14. gxf3 b4
15. Nc4 Qc7 16. axb4 Nd5 17. Na3 Nxe3 18. fxe3 Nxc5 19. Bb5+ Nd7 20. Ke2 Bd6
21. Nc4 Bxb4 22. Bxd7+ Qxd7 23. Qxd7+ Kxd7 24. Rxa7+ Ke8 25. Rc1 Rd8 26. Ne5
Rd2+ 27. Kf1 Be7 28. Rcc7 Bf6 29. Rc8+ Rd8 30. Rxd8+ Bxd8 31. Nxf7 Bb6 32. Nd6+
1-0

[Event "16. Obert Internacional Sant Martí 2014"]
[Site "Barcelona ESP"]
[Date "2014.07.14"]
[Round "2.25"]
[White "Cortes Orihuela, Javier"]
[Black "Lorenzo De La Riva, Lazaro"]
[Result "1/2-1/2"]
[WhiteElo "2155"]
[BlackElo "2426"]
[PlyCount "123"]
[EventDate "2014.07.13"]
[EventType "swiss"]
[EventRounds "9"]
[EventCountry "ESP"]
[Source "lmi"]
[SourceDate "2014.07.13"]

1. d4 f5 2. g3 Nf6 3. Bg2 d6 4. Nf3 g6 5. b3 Bg7 6. Bb2 O-O 7. O-O a5 8. c4 c6
9. Qc2 Na6 10. a3 h6 11. Nbd2 Qb6 12. Nh4 Kh7 13. e4 e6 14. exf5 exf5 15. c5
Qd8 16. cxd6 Be6 17. Nc4 Bxc4 18. bxc4 Qxd6 19. Rfe1 Rae8 20. h3 Nc7 21. Bc3
Ne6 22. d5 cxd5 23. cxd5 Ng5 24. Bxa5 Rxe1+ 25. Bxe1 Nfe4 26. Bb4 Qb6 27. Rb1
Rc8 28. Qa2 Nxf2 29. Ba5 Nfxh3+ 30. Kh2 Qxa5 31. Bxh3 Nxh3 32. Kxh3 Qa4 33. Rb4
Qd1 34. Qb1 Rc1 35. Qa2 Rc2 36. Qb1 Qe2 37. Qh1 Rc3 38. Qg2 Qh5 39. Qf2 Rc7 40.
Qf3 Qg5 41. Qf4 Rd7 42. Rb5 Qf6 43. Rb1 Qe7 44. Qf3 Qe5 45. Rb6 Bf6 46. Re6 Qd4
47. Nxf5 Qa1 48. Ne3 Bg7 49. Ng4 Bd4 50. Nf6+ Bxf6 51. Qxf6 Qxf6 52. Rxf6 Kg7
53. Rb6 Rxd5 54. Rxb7+ Kf6 55. Ra7 h5 56. Ra4 g5 57. Ra6+ Kf5 58. Ra4 Rd2 59.
Ra5+ Kf6 60. Ra6+ Kg7 61. Ra7+ Kf6 62. Ra6+ 1/2-1/2

[Event "16. Obert Internacional Sant Martí 2014"]
[Site "Barcelona ESP"]
[Date "2014.07.14"]
[Round "2.26"]
[White "Oliva Castaneda, Kevel"]
[Black "Matsenko, Andrei"]
[Result "1-0"]
[WhiteElo "2419"]
[BlackElo "2294"]
[PlyCount "131"]
[EventDate "2014.07.13"]
[EventType "swiss"]
[EventRounds "9"]
[EventCountry "ESP"]
[Source "lmi"]
[SourceDate "2014.07.13"]

1. c4 Nf6 2. Nf3 e6 3. g3 b6 4. Bg2 Bb7 5. O-O c5 6. Nc3 d6 7. Re1 Nbd7 8. e4
a6 9. d4 cxd4 10. Nxd4 Qc8 11. f4 Qxc4 12. Nd5 Qc8 13. b4 e5 14. Nf5 Nxd5 15.
exd5 g6 16. Nd4 Bg7 17. Nc6 Qc7 18. Bb2 Bxc6 19. dxc6 Nf8 20. Qd5 Ne6 21. fxe5
dxe5 22. Qd7+ Qxd7 23. cxd7+ Kxd7 24. Bxa8 Rxa8 25. Bxe5 Bxe5 26. Rxe5 Kd6 27.
Re3 Rc8 28. Rd1+ Ke7 29. Rd2 Rc4 30. Ra3 Rxb4 31. Rxa6 Nd4 32. Kg2 Nf5 33. Ra7+
Ke6 34. Rb7 h5 35. h3 Nd6 36. Rc7 Ne4 37. Rdc2 f6 38. R7c4 Rxc4 39. Rxc4 Nc5
40. Rb4 Nd7 41. Kf2 Kd6 42. Rd4+ Ke6 43. Ke3 Nc5 44. Rb4 Nd7 45. Kd4 Kd6 46.
Rb1 Kc6 47. Rc1+ Kd6 48. Kc4 Kc6 49. Kb4+ Nc5 50. Rd1 Ne4 51. Rd3 g5 52. Kc4
Nd6+ 53. Kd4 Nf5+ 54. Ke4 Nd6+ 55. Kf3 b5 56. Ra3 Kd5 57. Ra8 Nf5 58. Rf8 Ke6
59. Rb8 Kf7 60. Rb7+ Ke6 61. Rb6+ Nd6 62. Rb8 Kf5 63. Rh8 g4+ 64. Kg2 Kg6 65.
Rd8 Nc4 66. h4 1-0

[Event "16. Obert Internacional Sant Martí 2014"]
[Site "Barcelona ESP"]
[Date "2014.07.14"]
[Round "2.27"]
[White "Quirhuayo, Gonzalo"]
[Black "Sanchez, Sebastian Felipe"]
[Result "0-1"]
[WhiteElo "1858"]
[BlackElo "2375"]
[PlyCount "58"]
[EventDate "2014.07.13"]
[EventType "swiss"]
[EventRounds "9"]
[EventCountry "ESP"]
[Source "lmi"]
[SourceDate "2014.07.13"]

1. e4 c5 2. Nf3 e6 3. c4 a6 4. Nc3 Qc7 5. g3 b6 6. Bg2 Bb7 7. O-O d6 8. b3 Nf6
9. Re1 Nbd7 10. d4 cxd4 11. Nxd4 Be7 12. f4 h5 13. h3 g6 14. Ba3 Nc5 15. Rc1
O-O 16. b4 Ncd7 17. Nd5 exd5 18. cxd5 Qd8 19. Nc6 Bxc6 20. dxc6 Ne5 21. Bb2 Qc7
22. Qd4 Nxc6 23. Rxc6 Qxc6 24. e5 dxe5 25. fxe5 Qe6 26. exf6 Qxe1+ 27. Kh2 Bxb4
28. Qxb6 Rab8 29. Qxa6 Bc5 0-1

[Event "16. Obert Internacional Sant Martí 2014"]
[Site "Barcelona ESP"]
[Date "2014.07.14"]
[Round "2.28"]
[White "Benet Morant, Damia"]
[Black "Mokal, Amruta Sunil"]
[Result "1-0"]
[WhiteElo "2048"]
[BlackElo "2046"]
[PlyCount "91"]
[EventDate "2014.07.13"]
[EventType "swiss"]
[EventRounds "9"]
[EventCountry "ESP"]
[Source "lmi"]
[SourceDate "2014.07.13"]

1. d4 Nf6 2. c4 e6 3. g3 Bb4+ 4. Bd2 Be7 5. Bg2 d5 6. Nf3 O-O 7. O-O c6 8. Qc2
Nbd7 9. Bf4 Nh5 10. Nbd2 g5 11. Be3 f5 12. Nb3 f4 13. Bd2 Bd6 14. g4 Ng7 15.
Nc5 Nxc5 16. dxc5 Bc7 17. Bc3 Qe7 18. Rad1 d4 19. Rxd4 Qxc5 20. b4 Qe7 21. Re4
Bd7 22. Qb2 h6 23. Rd1 Rad8 24. Ne5 Be8 25. Red4 Rxd4 26. Bxd4 a6 27. Bc5 Qf6
28. Bxf8 Bxe5 29. Bxg7 Bxb2 30. Bxf6 Bxf6 31. e3 fxe3 32. fxe3 Kf7 33. Be4 Ke7
34. Kf2 Be5 35. h3 Bc3 36. a3 b6 37. Rd3 Be5 38. c5 b5 39. a4 Bb2 40. Rb3 Bc1
41. axb5 axb5 42. Ke2 e5 43. Kd1 Bf7 44. Rd3 Bb2 45. Kc2 Bc4 46. Kxb2 1-0

[Event "16. Obert Internacional Sant Martí 2014"]
[Site "Barcelona ESP"]
[Date "2014.07.14"]
[Round "2.29"]
[White "Masferrer Niubo, Enric"]
[Black "Rahman, Ziaur"]
[Result "0-1"]
[WhiteElo "1996"]
[BlackElo "2515"]
[PlyCount "54"]
[EventDate "2014.07.13"]
[EventType "swiss"]
[EventRounds "9"]
[EventCountry "ESP"]
[Source "lmi"]
[SourceDate "2014.07.13"]

1. e4 g6 2. d4 Bg7 3. Nc3 c6 4. Nf3 d6 5. Be2 Nf6 6. O-O O-O 7. h3 Nbd7 8. a4
Qc7 9. Re1 e5 10. dxe5 dxe5 11. Be3 Rd8 12. Bd3 Nf8 13. Qe2 Ne6 14. Qf1 Nh5 15.
a5 Nd4 16. Bxd4 exd4 17. Ne2 c5 18. c3 c4 19. Bb1 d3 20. Ned4 Nf4 21. Ba2 Ne6
22. Nxe6 Bxe6 23. Nd2 b5 24. axb6 axb6 25. f4 Ra5 26. Nb1 Rda8 27. Na3 Bxc3 0-1

[Event "16. Obert Internacional Sant Martí 2014"]
[Site "Barcelona ESP"]
[Date "2014.07.14"]
[Round "2.31"]
[White "Castillo Escario, Yolanda"]
[Black "Dalo, Hermes"]
[Result "0-1"]
[WhiteElo "2029"]
[BlackElo "2226"]
[PlyCount "96"]
[EventDate "2014.07.13"]
[EventType "swiss"]
[EventRounds "9"]
[EventCountry "ESP"]
[Source "lmi"]
[SourceDate "2014.07.13"]

1. e4 c5 2. Nf3 e6 3. d4 cxd4 4. Nxd4 Nf6 5. Nc3 d6 6. Bd3 a6 7. O-O Qc7 8. f4
b5 9. Qf3 Bb7 10. f5 e5 11. Nb3 b4 12. Nd5 Nxd5 13. exd5 Nd7 14. Be3 Nf6 15. c4
bxc3 16. Rac1 Bxd5 17. Qe2 Qb7 18. Rxc3 e4 19. Bc4 Bxc4 20. Qxc4 d5 21. Qa4+
Qd7 22. Rc6 Ng4 23. Rfc1 Nxe3 24. Rc8+ Rxc8 25. Rxc8+ Ke7 26. Qb4+ Kf6 27. Qd4+
Kxf5 28. Qxe3 Kg6 29. Ra8 h6 30. Rxa6+ Kh7 31. Qf2 Be7 32. Ra7 Qe6 33. Rc7 Bf6
34. Nc5 Qe5 35. Rxf7 Qd4 36. Nb3 Qxf2+ 37. Kxf2 Ra8 38. Ke3 Rxa2 39. Nc5 Rxb2
40. Nd7 Kg6 41. Rf8 Rb3+ 42. Kf4 Bg5+ 43. Ke5 e3 44. Kxd5 e2 45. Re8 Re3 46.
Rxe3 Bxe3 47. Ne5+ Kf5 48. Nf3 Bf2 0-1

[Event "16. Obert Internacional Sant Martí 2014"]
[Site "Barcelona ESP"]
[Date "2014.07.14"]
[Round "2.32"]
[White "Andersen, Alf R"]
[Black "Ramon Serrano, Francisco Javier"]
[Result "1-0"]
[WhiteElo "2214"]
[BlackElo "2022"]
[PlyCount "89"]
[EventDate "2014.07.13"]
[EventType "swiss"]
[EventRounds "9"]
[EventCountry "ESP"]
[Source "lmi"]
[SourceDate "2014.07.13"]

1. e4 d5 2. exd5 Nf6 3. d4 Nxd5 4. c4 Nf6 5. Nf3 Bg4 6. Be2 e6 7. Nc3 Be7 8. h3
Bh5 9. O-O O-O 10. Bf4 c6 11. Qd2 Nbd7 12. Rfd1 Nb6 13. Ne5 Bxe2 14. Qxe2 Nfd7
15. b3 Nf6 16. Rd3 Nbd7 17. Rad1 g6 18. Bh6 Re8 19. Qf3 Qa5 20. Ne4 Rf8 21.
Bxf8 Rxf8 22. Nxf6+ Nxf6 23. a4 Qc7 24. Ng4 Nh5 25. d5 exd5 26. cxd5 cxd5 27.
Ne3 Nf4 28. Nxd5 Nxd5 29. Rxd5 Rd8 30. Rxd8+ Bxd8 31. Qg3 Qc8 32. Qg4 Qb8 33.
Qd7 Bf6 34. Qd6 Qxd6 35. Rxd6 Kg7 36. Rd7 a5 37. Rxb7 Bc3 38. Kf1 Kf6 39. Ke2
h5 40. Kd3 Be1 41. f3 Ke6 42. Kc4 g5 43. b4 axb4 44. a5 b3 45. a6 1-0

[Event "16. Obert Internacional Sant Martí 2014"]
[Site "Barcelona ESP"]
[Date "2014.07.14"]
[Round "2.33"]
[White "Marchador Villalba, Jordi"]
[Black "Lasinskas, Povilas"]
[Result "1-0"]
[WhiteElo "2025"]
[BlackElo "2212"]
[PlyCount "207"]
[EventDate "2014.07.13"]
[EventType "swiss"]
[EventRounds "9"]
[EventCountry "ESP"]
[Source "lmi"]
[SourceDate "2014.07.13"]

1. d4 Nf6 2. Bg5 d5 3. Nd2 Nc6 4. Ngf3 g6 5. Bxf6 exf6 6. e3 Bg7 7. g3 O-O 8.
Bg2 h5 9. a3 Re8 10. O-O Bf5 11. Re1 b5 12. Nb3 Bf8 13. Nc5 Bxc5 14. dxc5 Qd7
15. Nd4 Nxd4 16. Qxd4 Rad8 17. Qxf6 Bxc2 18. Rac1 Be4 19. c6 Qd6 20. Qxd6 Rxd6
21. Red1 a6 22. f3 Bf5 23. e4 Be6 24. e5 Rdd8 25. Rd4 Rb8 26. f4 Rb6 27. Rc5
Rd8 28. Kf2 Kg7 29. Ke3 f6 30. exf6+ Kxf6 31. h3 Rd6 32. Bxd5 Bxd5 33. Rdxd5
Rxd5 34. Rxd5 Rxc6 35. Rd2 Rc1 36. Kf3 a5 37. g4 Rf1+ 38. Kg3 h4+ 39. Kxh4 Rxf4
40. Kg3 Rc4 41. Rf2+ Kg7 42. h4 b4 43. axb4 axb4 44. g5 c5 45. Rd2 Rc1 46. Rd7+
Kf8 47. Rd6 Kf7 48. Rf6+ Kg7 49. Rb6 Rc2 50. Rb5 Kf7 51. Kf4 Ke6 52. Rb6+ Kf7
53. Rb5 Ke6 54. Rb6+ Kd5 55. Rxg6 Rxb2 56. Rg8 b3 57. g6 Rg2 58. h5 c4 59. Rb8
b2 60. Rxb2 Rxb2 61. g7 Rg2 62. h6 c3 63. h7 Rxg7 64. h8=Q c2 65. Qc8 Rg2 66.
Kf3 Rh2 67. Ke3 Rg2 68. Kd3 Rh2 69. Qc4+ Ke5 70. Qd4+ Kf5 71. Qg1 Rg2 72. Qf1+
Ke5 73. Kc3 Rh2 74. Kb2 Ke4 75. Qc4+ Kf3 76. Qd3+ Kg4 77. Qe3 Rg2 78. Kc1 Kh4
79. Qf4+ Kh3 80. Kb2 Rh2 81. Qf3+ Kh4 82. Kc1 Rh3 83. Qf4+ Kh5 84. Kxc2 Rh4 85.
Qf5+ Kh6 86. Kd3 Rh5 87. Qf6+ Kh7 88. Ke4 Rh1 89. Kd5 Rh5+ 90. Kc4 Rh6 91. Qf7+
Kh8 92. Kd5 Rg6 93. Qf8+ Kh7 94. Ke5 Rg5+ 95. Kf4 Rg6 96. Qf7+ Kh8 97. Qf8+ Kh7
98. Qe7+ Rg7 99. Qh4+ Kg6 100. Ke5 Rf7 101. Ke6 Rf8 102. Qg4+ Kh6 103. Ke7 Ra8
104. Qh3+ 1-0

[Event "16. Obert Internacional Sant Martí 2014"]
[Site "Barcelona ESP"]
[Date "2014.07.14"]
[Round "2.34"]
[White "Capellades Subirana, Marc"]
[Black "Nadal Fajardo, Ricard"]
[Result "1-0"]
[WhiteElo "2211"]
[BlackElo "1999"]
[PlyCount "53"]
[EventDate "2014.07.13"]
[EventType "swiss"]
[EventRounds "9"]
[EventCountry "ESP"]
[Source "lmi"]
[SourceDate "2014.07.13"]

1. e4 c5 2. Nf3 Nc6 3. d4 cxd4 4. Nxd4 e5 5. Nb5 a6 6. N5c3 Nf6 7. Bg5 Be7 8.
Bc4 d6 9. O-O O-O 10. Qd2 Be6 11. Bxf6 Bxf6 12. Bd5 Qc7 13. Ne2 Bxd5 14. exd5
Na5 15. Nbc3 Nc4 16. Qc1 b5 17. a4 b4 18. Ne4 Be7 19. b3 Nb6 20. c4 bxc3 21.
N4xc3 f5 22. Qd2 Nd7 23. b4 Qc4 24. Rab1 Rab8 25. Rfc1 Rxb4 26. Nd1 Qg4 27.
Rxb4 1-0

[Event "16. Obert Internacional Sant Martí 2014"]
[Site "Barcelona ESP"]
[Date "2014.07.14"]
[Round "2.35"]
[White "Castrillo Mansego, Pablo"]
[Black "Lindh, Fredrik"]
[Result "0-1"]
[WhiteElo "2013"]
[BlackElo "2205"]
[PlyCount "110"]
[EventDate "2014.07.13"]
[EventType "swiss"]
[EventRounds "9"]
[EventCountry "ESP"]
[Source "lmi"]
[SourceDate "2014.07.13"]

1. e4 c5 2. f4 d5 3. exd5 Nf6 4. Bb5+ Nbd7 5. c4 g6 6. Nf3 Bg7 7. O-O O-O 8.
Nc3 a6 9. Bxd7 Bxd7 10. Ne5 e6 11. dxe6 Bxe6 12. d3 Nd7 13. Nf3 Re8 14. Ne4 Nf6
15. Qc2 Bf5 16. Re1 Bg4 17. Ne5 Nxe4 18. dxe4 Bxe5 19. fxe5 Qd4+ 20. Be3 Qxe5
21. Qf2 Qxe4 22. Bxc5 Qxc4 23. Bd4 Bf5 24. g4 Red8 25. Rad1 Bd3 26. Re8+ Rxe8
27. Qf6 Kf8 28. Qd6+ Re7 29. Rxd3 Qe6 30. Bc5 Qxd6 31. Bxd6 Rd8 32. Bxe7+ Kxe7
33. Re3+ Kf6 34. Rf3+ Kg7 35. Rf2 Rd4 36. h3 g5 37. Kg2 Kg6 38. b3 f6 39. Kg3
Rd3+ 40. Kg2 Rd6 41. Kg3 h5 42. Kg2 a5 43. Rc2 Rd4 44. Kg3 b5 45. Rf2 h4+ 46.
Kg2 a4 47. bxa4 bxa4 48. a3 Rd3 49. Rf3 Rxf3 50. Kxf3 f5 51. gxf5+ Kxf5 52. Ke3
g4 53. hxg4+ Kxg4 54. Kf2 Kf4 55. Kg2 Ke3 0-1

[Event "16. Obert Internacional Sant Martí 2014"]
[Site "Barcelona ESP"]
[Date "2014.07.14"]
[Round "2.36"]
[White "Dave, Dhyani"]
[Black "Yapar, Nedim"]
[Result "1-0"]
[WhiteElo "2201"]
[BlackElo "1971"]
[PlyCount "123"]
[EventDate "2014.07.13"]
[EventType "swiss"]
[EventRounds "9"]
[EventCountry "ESP"]
[Source "lmi"]
[SourceDate "2014.07.13"]

1. e4 e6 2. d4 d5 3. e5 c5 4. c3 Nc6 5. Nf3 Qb6 6. a3 c4 7. g3 f6 8. exf6 Nxf6
9. Bg2 Bd6 10. O-O O-O 11. Qe2 Kh8 12. Ne5 Qc7 13. f4 Bd7 14. Be3 Be8 15. Bh3
Bh5 16. g4 Bf7 17. Nd2 Bg8 18. Qe1 Nd7 19. Ndf3 Ncxe5 20. dxe5 Be7 21. Nd4 Nc5
22. Qg3 Nd3 23. Rab1 a6 24. g5 Nc5 25. Bg4 g6 26. Qh3 Qd7 27. Rf3 Rae8 28. Qg2
Bd8 29. Nc2 Be7 30. Bd4 Nb3 31. Ne3 Nc5 32. h4 Nd3 33. f5 Bc5 34. f6 Bf7 35.
Bxc5 Nxc5 36. Nc2 Qc7 37. Qh2 Nd3 38. Re3 b5 39. Nd4 Qb6 40. Be2 Nc5 41. Rh3
Qc7 42. Kg2 Nd7 43. Re3 Rg8 44. Rh1 Nf8 45. Qf4 Rb8 46. Nf3 a5 47. Nh2 h5 48.
gxh6 Nh7 49. Nf3 b4 50. axb4 axb4 51. Ng5 bxc3 52. bxc3 Rb2 53. Kg3 Nxg5 54.
hxg5 Kh7 55. Bf3 Qb7 56. Qd4 Rd8 57. Ra1 Rd7 58. Ree1 Qb3 59. Ra7 Qc2 60. Re2
Qf5 61. Rxd7 Qxg5+ 62. Qg4 1-0

[Event "16. Obert Internacional Sant Martí 2014"]
[Site "Barcelona ESP"]
[Date "2014.07.14"]
[Round "2.37"]
[White "Inouss, Badr"]
[Black "Asensio Linan, Teodoro"]
[Result "0-1"]
[WhiteElo "2008"]
[BlackElo "2189"]
[PlyCount "72"]
[EventDate "2014.07.13"]
[EventType "swiss"]
[EventRounds "9"]
[EventCountry "ESP"]
[Source "lmi"]
[SourceDate "2014.07.13"]

1. d4 Nf6 2. c4 g6 3. Nc3 Bg7 4. e4 d6 5. Be2 O-O 6. Nf3 Nbd7 7. O-O e5 8. Kh1
Re8 9. d5 Nc5 10. Qc2 a5 11. Ne1 Qe7 12. Be3 b6 13. b3 Ncxe4 14. Nxe4 Nxe4 15.
Rb1 f5 16. f3 Nf6 17. a3 Nh5 18. g4 Nf4 19. Nd3 Nxd3 20. Bxd3 e4 21. fxe4 fxg4
22. Bf4 Bd7 23. b4 axb4 24. axb4 Ra3 25. Qd2 Rf8 26. c5 Rxd3 27. Qxd3 Bb5 28.
cxd6 cxd6 29. Qe3 Bxf1 30. Rxf1 g5 31. Kg2 Qf7 32. Qe2 gxf4 33. Qxg4 f3+ 34.
Kh3 Qf4 35. Qe6+ Kh8 36. Rf2 Bf6 0-1

[Event "16. Obert Internacional Sant Martí 2014"]
[Site "Barcelona ESP"]
[Date "2014.07.14"]
[Round "2.38"]
[White "Juan Bartroli, Pau"]
[Black "Moreno Perez, Norberto"]
[Result "1-0"]
[WhiteElo "2179"]
[BlackElo "1962"]
[PlyCount "79"]
[EventDate "2014.07.13"]
[EventType "swiss"]
[EventRounds "9"]
[EventCountry "ESP"]
[Source "lmi"]
[SourceDate "2014.07.13"]

1. d4 d5 2. c4 e6 3. Nc3 Nf6 4. cxd5 exd5 5. Bg5 Be7 6. e3 O-O 7. Bd3 c6 8. Nf3
Bg4 9. Qb3 Qc8 10. Ne5 Be6 11. Qc2 h6 12. Bh4 c5 13. O-O c4 14. Be2 a6 15. a4
Nc6 16. b3 Na5 17. bxc4 dxc4 18. e4 Qc7 19. Rad1 Rad8 20. d5 Bc8 21. Nf3 Qc5
22. Bxf6 gxf6 23. Qc1 Kh7 24. d6 Rxd6 25. Nd5 Bd8 26. Qf4 Rg8 27. Nd4 b5 28.
axb5 axb5 29. Nf5 Bxf5 30. Qxf5+ Kg7 31. Ne7 Bb6 32. Qg4+ Kf8 33. Nxg8 Rxd1 34.
Bxd1 c3 35. Nxf6 Ke7 36. Nd5+ Kf8 37. Nxb6 Qxb6 38. Qc8+ Ke7 39. Qxc3 b4 40.
Qe3 1-0